Suno kāna meṃ. (Record no. 57096)
[ view plain ]
| 000 -LEADER | |
|---|---|
| fixed length control field | 00646cam a22002531 4500 |
| 001 - CONTROL NUMBER | |
| control field | sa 64002003 |
| 003 - CONTROL NUMBER IDENTIFIER | |
| control field | DLC |
| 005 - DATE AND TIME OF LATEST TRANSACTION | |
| control field | 20260227112007.0 |
| 008 - FIXED-LENGTH DATA ELEMENTS--GENERAL INFORMATION | |
| fixed length control field | 881025s1963 ii a 000 0 hino |
| 010 ## - LIBRARY OF CONGRESS CONTROL NUMBER | |
| LC control number | sa 64002003 |
| 025 ## - OVERSEAS ACQUISITION NUMBER | |
| Overseas acquisition number | PK480:I-H-1230 |
| 035 ## - SYSTEM CONTROL NUMBER | |
| System control number | (OCoLC)23568288 |
| 040 ## - CATALOGING SOURCE | |
| Original cataloging agency | DLC |
| Transcribing agency | MiU |
| Modifying agency | TxU |
| -- | DLC |
| 042 ## - AUTHENTICATION CODE | |
| Authentication code | premarc |
| 043 ## - GEOGRAPHIC AREA CODE | |
| Geographic area code | a-ii--- |
| 050 00 - LIBRARY OF CONGRESS CALL NUMBER | |
| Classification number | HQ669 |
| Item number | .V3 |
| 100 1# - MAIN ENTRY--PERSONAL NAME | |
| Personal name | Varmā, Sāvitrī Devī, |
| Dates associated with a name | 1911- |
| 245 10 - TITLE STATEMENT | |
| Title | Suno kāna meṃ. |
| 250 ## - EDITION STATEMENT | |
| Edition statement | Pratham saṃskaraṇa. |
| 260 ## - PUBLICATION, DISTRIBUTION, ETC. | |
| Place of publication, distribution, etc. | Dilli : |
| Name of publisher, distributor, etc. | Ātmārāma, |
| Date of publication, distribution, etc. | 1963. |
| 300 ## - PHYSICAL DESCRIPTION | |
| Extent | 303 p. |
| Other physical details | illus. |
| Dimensions | 22 cm. |
| 500 ## - GENERAL NOTE | |
| General note | Romanized. |
| 650 #0 - SUBJECT ADDED ENTRY--TOPICAL TERM | |
| Topical term or geographic name entry element | Marriage |
| Geographic subdivision | India. |
No items available.